| 000 | 00761nam a2200229 a 4500 | ||
|---|---|---|---|
| 001 | 13465 | ||
| 003 | BD-JhCC | ||
| 005 | 20231008085404.0 | ||
| 008 | 231005b2014 bg |||| ||a| 000 0 ben d | ||
| 020 | _a97898489541017 | ||
| 035 | _a(BD-JhCC)13465 | ||
| 040 |
_aBD-JhCC _dBD-JhCC |
||
| 041 | _aBengali | ||
| 082 |
_a891.4409 _bWAL 2014 |
||
| 100 | _aওয়ালিউল্লাহ,লে. কর্নেল | ||
| 245 |
_aআমার কথা লেখায় / _cলে. কর্নেল ওয়ালিউল্লাহ (অব.) |
||
| 260 |
_aঢাকা; _bএশিয় পাবলিকেশন্স; _c২০১৪. |
||
| 300 |
_a170 p. : _bill; _c22 cm. |
||
| 650 | _aBengali Literature . | ||
| 942 |
_2ddc _cBK |
||
| 999 |
_c13465 _d13465 |
||